000 00630nam a2200217 a 4500
001 BRCA_3581
005 20190320204336.0
008 060809s1932----gw-a---###---#000-0#ger-#
041 _ager
044 _agw
050 4 _aN5300
_b.H36 1932
100 1 _aHamann, Richard
_99294
245 1 0 _aGeschichte der kunst von der altchristlichen zeit bis zur Gegenwart
_cvon Richard Hamann.
260 _aMunchen
_bDroemersche
_c1932
300 _a1002 p.
_bil., 22 láminas (algunas a color)
_c25 cm.
500 _aIncluye glosario de términos
500 _aB249
650 1 4 _aArte
_xHistoria
_99295
902 _aGFM
942 _2lcc
_cB
999 _c3316
_d3316